<?xml version="1.0" encoding="UTF-8"?>
<record
    xmlns:xsi="http://www.w3.org/2001/XMLSchema-instance"
    xsi:schemaLocation="http://www.loc.gov/MARC21/slim http://www.loc.gov/standards/marcxml/schema/MARC21slim.xsd"
    xmlns="http://www.loc.gov/MARC21/slim">

  <leader>00327nam a2200133Ia 4500</leader>
  <controlfield tag="008">191201s2008    xx            000 0 und d</controlfield>
  <datafield tag="082" ind1=" " ind2=" ">
    <subfield code="a">621.38043</subfield>
    <subfield code="b">HAS</subfield>
  </datafield>
  <datafield tag="100" ind1=" " ind2=" ">
    <subfield code="a">HAYKIN, Simon</subfield>
  </datafield>
  <datafield tag="245" ind1=" " ind2="0">
    <subfield code="a">Signal and Systems</subfield>
  </datafield>
  <datafield tag="260" ind1=" " ind2=" ">
    <subfield code="a">N.Delhi</subfield>
    <subfield code="b">Wiley Dreautech India</subfield>
    <subfield code="c">2008</subfield>
  </datafield>
  <datafield tag="300" ind1=" " ind2=" ">
    <subfield code="a">802</subfield>
  </datafield>
  <datafield tag="650" ind1=" " ind2=" ">
    <subfield code="a">B.Tech(ECE)</subfield>
  </datafield>
  <datafield tag="942" ind1=" " ind2=" ">
    <subfield code="2">ddc</subfield>
    <subfield code="c">BK</subfield>
  </datafield>
  <datafield tag="999" ind1=" " ind2=" ">
    <subfield code="c">3936</subfield>
    <subfield code="d">3936</subfield>
  </datafield>
  <datafield tag="952" ind1=" " ind2=" ">
    <subfield code="0">0</subfield>
    <subfield code="1">0</subfield>
    <subfield code="2">ddc</subfield>
    <subfield code="4">0</subfield>
    <subfield code="7">0</subfield>
    <subfield code="8">BTECHECE</subfield>
    <subfield code="a">PIET</subfield>
    <subfield code="b">PIET</subfield>
    <subfield code="d">2009-04-06</subfield>
    <subfield code="e">J B C, New Delhi</subfield>
    <subfield code="g">7.90</subfield>
    <subfield code="k">SI-6329</subfield>
    <subfield code="l">1</subfield>
    <subfield code="o">621.38043 HAS</subfield>
    <subfield code="p">12210</subfield>
    <subfield code="q">2022-07-13</subfield>
    <subfield code="r">2022-01-14 00:00:00</subfield>
    <subfield code="s">2022-01-14</subfield>
    <subfield code="w">2009-03-14</subfield>
    <subfield code="y">BK</subfield>
  </datafield>
  <datafield tag="952" ind1=" " ind2=" ">
    <subfield code="0">0</subfield>
    <subfield code="1">0</subfield>
    <subfield code="2">ddc</subfield>
    <subfield code="4">0</subfield>
    <subfield code="7">0</subfield>
    <subfield code="8">BTECHECE</subfield>
    <subfield code="a">PIET</subfield>
    <subfield code="b">PIET</subfield>
    <subfield code="d">2009-04-06</subfield>
    <subfield code="e">J B C, New Delhi</subfield>
    <subfield code="g">7.90</subfield>
    <subfield code="k">SI-6329</subfield>
    <subfield code="l">1</subfield>
    <subfield code="o">621.38043 HAS</subfield>
    <subfield code="p">12211</subfield>
    <subfield code="r">2025-09-18 00:00:00</subfield>
    <subfield code="s">2025-09-03</subfield>
    <subfield code="w">2009-03-14</subfield>
    <subfield code="y">BK</subfield>
  </datafield>
  <datafield tag="952" ind1=" " ind2=" ">
    <subfield code="0">0</subfield>
    <subfield code="1">0</subfield>
    <subfield code="2">ddc</subfield>
    <subfield code="4">0</subfield>
    <subfield code="7">0</subfield>
    <subfield code="8">BTECHECE</subfield>
    <subfield code="a">PIET</subfield>
    <subfield code="b">PIET</subfield>
    <subfield code="d">2009-04-06</subfield>
    <subfield code="e">J B C, New Delhi</subfield>
    <subfield code="g">7.90</subfield>
    <subfield code="k">SI-6329</subfield>
    <subfield code="l">1</subfield>
    <subfield code="o">621.38043 HAS</subfield>
    <subfield code="p">12212</subfield>
    <subfield code="r">2025-09-10 00:00:00</subfield>
    <subfield code="s">2025-08-28</subfield>
    <subfield code="w">2009-03-14</subfield>
    <subfield code="y">BK</subfield>
  </datafield>
  <datafield tag="952" ind1=" " ind2=" ">
    <subfield code="0">0</subfield>
    <subfield code="1">0</subfield>
    <subfield code="2">ddc</subfield>
    <subfield code="4">0</subfield>
    <subfield code="7">0</subfield>
    <subfield code="8">BTECHECE</subfield>
    <subfield code="a">PIET</subfield>
    <subfield code="b">PIET</subfield>
    <subfield code="d">2009-04-06</subfield>
    <subfield code="e">J B C, New Delhi</subfield>
    <subfield code="g">7.90</subfield>
    <subfield code="k">SI-6329</subfield>
    <subfield code="l">0</subfield>
    <subfield code="o">621.38043 HAS</subfield>
    <subfield code="p">12213</subfield>
    <subfield code="r">2019-12-04 00:00:00</subfield>
    <subfield code="w">2009-03-14</subfield>
    <subfield code="y">BK</subfield>
  </datafield>
  <datafield tag="952" ind1=" " ind2=" ">
    <subfield code="0">0</subfield>
    <subfield code="1">0</subfield>
    <subfield code="2">ddc</subfield>
    <subfield code="4">0</subfield>
    <subfield code="7">0</subfield>
    <subfield code="8">BTECHECE</subfield>
    <subfield code="a">PIET</subfield>
    <subfield code="b">PIET</subfield>
    <subfield code="d">2009-04-06</subfield>
    <subfield code="e">J B C, New Delhi</subfield>
    <subfield code="g">7.90</subfield>
    <subfield code="k">SI-6329</subfield>
    <subfield code="l">1</subfield>
    <subfield code="o">621.38043 HAS</subfield>
    <subfield code="p">12214</subfield>
    <subfield code="r">2025-09-23 00:00:00</subfield>
    <subfield code="s">2025-09-10</subfield>
    <subfield code="w">2009-03-14</subfield>
    <subfield code="y">BK</subfield>
  </datafield>
  <datafield tag="952" ind1=" " ind2=" ">
    <subfield code="0">0</subfield>
    <subfield code="1">0</subfield>
    <subfield code="2">ddc</subfield>
    <subfield code="4">0</subfield>
    <subfield code="7">0</subfield>
    <subfield code="8">BTECHECE</subfield>
    <subfield code="a">PIET</subfield>
    <subfield code="b">PIET</subfield>
    <subfield code="d">2009-04-06</subfield>
    <subfield code="e">J B C, New Delhi</subfield>
    <subfield code="g">7.90</subfield>
    <subfield code="k">SI-6329</subfield>
    <subfield code="l">0</subfield>
    <subfield code="o">621.38043 HAS</subfield>
    <subfield code="p">12215</subfield>
    <subfield code="r">2019-12-04 00:00:00</subfield>
    <subfield code="w">2009-03-14</subfield>
    <subfield code="y">BK</subfield>
  </datafield>
</record>
